Films très mal décrits #2 - Statistiques

Statistiques générales
  • Ce quiz a été pris 328 fois
  • Le résultat moyen est 6 sur 10
Statistiques - réponses
Hint Réponse % Correct
Un gars prend une pilule rouge, découvre que le monde est un jeu vidéo géant, et passe son temps à esquiver des balles en slow motion. matrix
90%
Deux types en costard noirs s’occupent des extraterrestres comme on nettoie les traces de ketchup sur une chemise blanche. Men in black
90%
Un mec découvre que sa vie entière est une émission de télé, mais il continue à faire semblant d’être surpris. le Truman show
83%
Des gens partent dans l'espace pour trouver une nouvelle maison parce que la Terre est devenue un énorme jardin de pommes de terre Interstellar
71%
Un agent secret un peu perdu qui croit que le monde s’arrête en 1955 et fait beaucoup de blagues de cul ou raciste. oss 117
53%
Une fille se fait transformer en vieille dame et part en road-trip dans un château qui marche, avec un magicien qui a clairement besoin de vacances. le chateau ambulant
52%
Un gars qui conduit super vite dans des parkings décide que faire des dérapages, c’est la clé de la sagesse japonaise. Tokyo Drift
48%
Un gars qui parle tout seul dans une ville vide, en espérant que des zombies poilus ne le mangent pas. Je suis une légende
46%
Un mec qui fait tout à l’envers parce que le temps, c’est compliqué et que les explosions, c’est cool dans les deux sens. tenet
45%
Un prof de symbologie court après des énigmes partout en Europe, parce que l’art ancien, c’est super suspect. davinci code
35%
Aucun quiz correspondant
Distribution des résultats
% des personnes avec chaque résultat
Percentile par nombre de réponses
Votre historique - résultats
Vous n’avez pas pris ce quiz